002140000a220007300045001000020000002450060000203000035000807730025001151 aJorgensen, Knud10aChristian communication : Remote control or incaration? aNúm 76 (1996), Páginas 4-70 tWorld Evangelization